The Samoa Quiz Stats

 Plays Quiz Updated Oct 29, 2017

Also try: The Egypt Quiz
Challenge
Share
Tweet
Embed
Score 0/32 Timer 07:00
0 Plays Today
Hint Answer % Correct
Flag ColorRed
93.7%
Flag ColorBlue
93.1%
Flag ColorWhite
92.1%
Official LanguageSamoan
87%
Nationality (Demonym)Samoan
87%
Lowest Point (0 m)Pacific Ocean
81.4%
Bordering OceanPacific Ocean
81.2%
Official LanguageEnglish
80.9%
Drives on the...Left
78.5%
Age of Suffrage21
74.6%
Primary ContinentOceania
70.6%
Largest ReligionChristianity
69.5%
Capital CityApia
61.1%
ClimateTropical
56.9%
Independence fromNew Zealand
54.1%
Constellation on FlagSouthern Cross
41.7%
Hint Answer % Correct
Claimed TerritoryAmerican Samoa
32.6%
Former NameWestern Samoa
30.8%
Internet Country Code.ws
22.7%
CurrencyTala
19.1%
Largest IslandSavai'i
16.9%
Most Populous IslandUpolu
16.8%
Official NameMalo Sa'oloto Tuto'atasi o Samoa
13.9%
Calling code+685
11.8%
Independence dayJanuary 1st, 1962
10.4%
National AnthemO le Fu'a o le Sa'olotoga o Samoa
9.7%
Prime MinisterTuila'epa Lupesoliai Sailele Malielegaoi
9.3%
MottoFa'avae i le Atua Sāmoa
8.2%
Only Native MammalSamoan flying fox
6.7%
Chief of StateTuimaleali'ifano Va’aletoa Sualauvi II
6.5%
NicknameThe Cradle of Polynesia
3.6%
Highest Point (1858 m)Mauga Silisili
3.1%

You're not logged in!

Compare scores with friends on all Sporcle quizzes.
OR
Log In

You Might Also Like...

Show Comments

Extras

Top Quizzes Today


Score Distribution

Your Account Isn't Verified!

In order to create a playlist on Sporcle, you need to verify the email address you used during registration. Go to your Sporcle Settings to finish the process.

Report this User

Report this user for behavior that violates our Community Guidelines.

Details: